| 000 | 00770cam a22002297a 4500 | ||
|---|---|---|---|
| 020 | _a9781402090042 (cased : alk. paper) | ||
| 020 | _a1402090048 (cased : alk. paper) | ||
| 020 | _a9781402090059 (eISBN) | ||
| 040 | _cUKM | ||
| 082 | 0 | 4 | _a591 SPR 2009 A084 Or. |
| 245 | 0 | 0 |
_aAdaptation and fitness in animal populations : _bevolutionary and breeding perspectives on genetic resource management / |
| 260 |
_a[Dordrecht, the Netherlands] : _bSpringer, _cc2009. |
||
| 300 |
_axii, 258 p. : _bill. ; _c25 cm. |
||
| 650 | 0 | _aAnimal genetics. | |
| 650 | 0 | _aAnimals | |
| 650 | 0 | _aEvolutionary genetics. | |
| 650 | 0 | _aAnimal genetic engineering. | |
| 650 | 0 | _aAnimal breeding. | |
| 650 | 0 | _aAnimal mutation breeding. | |
| 700 | 1 | _aWerf, Julius van der. | |
| 942 | _cEK | ||
| 999 |
_c16043 _d16043 |
||